000 00683cab a2200217 4500
001 WB3301-52
008 090401t1996 xxu||||| |||| 00| 0 eng d
035 _a(Sirsi) u13131
041 _aeng
245 _aContaminated land recommendations
260 _c1996
350 _a0
490 _aRICS Press Release
_v(PR155.rur) 17 December 1996 (2)
520 _aThe RICS urges government to accept recommendations on contaminated land issued by the House of Commons Environment Committee in its second report.
650 _aCONTAMINATED LAND
650 _aSECOND REPORT
650 _aSELECT COMMITTEE ON THE ENVIRONMENT
690 _aLAND
942 _n0
948 _c04/03/1997
999 _c8443
_d8443